Southville International School and Colleges
Your cart is empty.
  • Cart
  • Lists
    Public lists Eva Luna New books Lux_list list_1
    Your lists Log in to create your own lists
  • Log in to your account
  • Your cookies
  • Search history
Southville International School and Colleges
  • Advanced search
  • Recent comments
  • Most popular
  • Libraries

Log in to your account

Log in with GOOGLE


If you do not have an external account, but do have a local account, you can still log in:

  1. Home
  2. MARC view: Culture shock! :
Normal view MARC view ISBD view

Culture shock! : (Record no. 22387)

[ view plain ]
MARC details
000 -LEADER
fixed length control field 00717nam a2200229 a 4500
005 - DATE AND TIME OF LATEST TRANSACTION
control field 20140310183405.0
008 - FIXED-LENGTH DATA ELEMENTS--GENERAL INFORMATION
fixed length control field 121011s19uu xx 00 eng d
020 ## - INTERNATIONAL STANDARD BOOK NUMBER
International Standard Book Number 9780761456612
050 ## - LIBRARY OF CONGRESS CALL NUMBER
Classification number F 1008.2
Item number .P187 2009
100 ## - MAIN ENTRY--PERSONAL NAME
Personal name Pang, Guek-Cheng
245 ## - TITLE STATEMENT
Title Culture shock! :
Remainder of title Canada /
Statement of responsibility, etc Guek-Cheng Pang, Robert Barlas.
250 ## - EDITION STATEMENT
Edition statement 6th ed.
260 ## - PUBLICATION, DISTRIBUTION, ETC. (IMPRINT)
Place of publication, distribution, etc Tarrytown, NY :
Name of publisher, distributor, etc Marshall Cavendish,
Date of publication, distribution, etc 2009.
300 ## - PHYSICAL DESCRIPTION
Extent 312 p. :
Other physical details ill. col. ;
Dimensions 21 cm.
440 ## - SERIES STATEMENT/ADDED ENTRY--TITLE
Title Culture shock! : a survival guide to customs and etiquette
521 ## - TARGET AUDIENCE NOTE
Target audience note
650 ## - SUBJECT ADDED ENTRY--TOPICAL TERM
Topical term or geographic name as entry element Canada
General subdivision Guidebooks
650 ## - SUBJECT ADDED ENTRY--TOPICAL TERM
Topical term or geographic name as entry element Canada
General subdivision Social life and customs
-- Guidebooks
700 ## - ADDED ENTRY--PERSONAL NAME
Personal name Barlas, Robert
942 ## - ADDED ENTRY ELEMENTS (KOHA)
Koha item type Books
Source of classification or shelving scheme Library of Congress Classification
Call number prefix Foreign
Holdings
Withdrawn status Lost status Source of classification or shelving scheme Damaged status Home library Current library Shelving location Date acquired Total Checkouts Full call number Barcode Date last seen Copy number Price effective from Koha item type
    Library of Congress Classification   College Library College Library General Circulation Section 11/28/2013   F 1008.2 .P187 2009 C16348 05/15/2018 1 11/28/2013 Books

Culture shock! :

APA

Pang G., Barlas R., . (2009). Culture shock!. Tarrytown, NY: Marshall Cavendish.

Chicago

Pang Guek-Cheng, Barlas Robert, . 2009. Culture shock!. Tarrytown, NY: Marshall Cavendish.

Harvard

Pang G., Barlas R., . (2009). Culture shock!. Tarrytown, NY: Marshall Cavendish.

MLA

Pang Guek-Cheng, Barlas Robert, . Culture shock!. Tarrytown, NY: Marshall Cavendish. 2009.

  • Place hold
  • Print
  • Cite
  • Add to your cart (remove)
  • Save record
    BIBTEX Dublin Core MARCXML MARC (non-Unicode/MARC-8) MARC (Unicode/UTF-8) MARC (Unicode/UTF-8, Standard) MODS (XML) RIS
  • More searches
    Search for this title in:
    Other Libraries (WorldCat) Other Databases (Google Scholar) Online Stores (Bookfinder.com) Open Library (openlibrary.org)

Exporting to Dublin Core...

SOUTHVILLE LIBRARY

Southville International School and Colleges Library

1281 Tropical Ave. Cor. Luxembourg St., BF Homes International, Las Pinas City

Tel. No. 8256374 / 252358 Loc. 117/146

Powered by Koha